UBT Library

Think yourself successful : (Record no. 1257)

000 -LEADER
fixed length control field 00599nam a22001937a 4500
008 - FIXED-LENGTH DATA ELEMENTS--GENERAL INFORMATION
fixed length control field 151012b xxu||||| |||| 00| 0 eng d
020 ## - INTERNATIONAL STANDARD BOOK NUMBER
International Standard Book Number 9780071741248 (alk. paper)
020 ## - INTERNATIONAL STANDARD BOOK NUMBER
International Standard Book Number 0071741240 (alk. paper)
041 0# - LANGUAGE CODE
Language code of text/sound track or separate title eng
080 ## - UNIVERSAL DECIMAL CLASSIFICATION NUMBER
Universal Decimal Classification number 159.96
100 1# - Rafti
Rafti Āzmandiyān, ʻAlī Riz̤ā,
245 10 - TITLE STATEMENT
Title Think yourself successful :
Statement of responsibility, etc Alireza Azmandian.
260 ## -
-- New York :
-- McGraw-Hill,
-- 2010.
300 ## -
-- xvii, 201 p. ;
-- 2 cm.
650 #0 -
-- Suksesi
650 #0 -
-- vetë-aktualizimi
650 #0 -
-- Psikologji
942 ## - ADDED ENTRY ELEMENTS (KOHA)
Source of classification or shelving scheme
Item type Books
Holdings
Withdrawn status Lost status Source of classification or shelving scheme Damaged status Not for loan Collection code Permanent location Current location Shelving location Date acquired Total Checkouts Full call number Barcode Date last seen Price effective from Koha item type
          Koleksioni i përgjithshem UBT - Lipjan UBT - Lipjan Koleksioni i përgjithshem 10/12/2015   159.96 AZM 002-008298 10/12/2015 10/12/2015 Books
          Koleksioni i përgjithshem UBT - Lipjan UBT - Lipjan Koleksioni i përgjithshem 10/12/2015   159.96 AZM 002-008299 10/12/2015 10/12/2015 Books
          Koleksioni i përgjithshem UBT - Lipjan UBT - Lipjan Koleksioni i përgjithshem 10/15/2015   159.96 AZM 002-008323 10/15/2015 10/15/2015 Books
          Koleksioni i përgjithshem UBT - Lipjan UBT - Lipjan Koleksioni i përgjithshem 10/15/2015   159.96 AZM 002-008322 10/15/2015 10/15/2015 Books
UBT Library © 2015-2024. All rights reserved University Education for Business and Technology